000 00523pab a2200181 454500
008 180718b2013 xxu||||| |||| 00| 0 eng d
100 _aJindal, Parineeta
245 _aEthical governance and society: Through Indian tradition of Yoga (Note)
260 _c2013
300 _ap.726-730.
362 _aJul-Sep
650 _aPublic administration - India
650 _aSocial systems - India
650 _aPublic administration
773 _aIndian Journal of Public Administration
908 _aN
909 _a101062
999 _c101061
_d101061